000 01118nam a2200385 a 4500
003 AR-BaBNM
005 20251128205109.0
008 082120s2002 ||||||||||||||000 | spa||
020 _a968-16-3945-6
040 _cAR-BaBNM
100 1 _aMerton, Robert K.
245 0 0 _aTeoría y estructura sociales
250 _a3ª ed.
260 _aMéxico, D.F.
_bFondo de Cultura Económica
_c1992
300 _a774 p.
_btablas
490 0 _aObras de sociología
500 _aIndice de nombres: p. 748-757
500 _aIndice analítico: p. 758-767
504 _aBibliografía: p. 741-747
600 1 4 _aMannheim, Karl
650 4 _aSOCIOLOGIA CULTURAL
650 4 _aSOCIOLOGIA DE LAS CIENCIAS
650 4 _aSISTEMAS SOCIALES
650 4 _aESTRUCTURA SOCIAL
650 4 _aESTRATIFICACION SOCIAL
650 4 _aCOMUNICACION DE MASAS
650 4 _aINVESTIGACION EN CIENCIAS SOCIALES
650 4 _aANALISIS ESTRUCTURAL
650 4 _aSIGLO DIECISIETE
651 4 _aInglaterra
700 1 _aTorner, Florentino M.
_etraductor
700 1 _aBorques, Rufina
_etraductor
942 _cBK
998 _cSILVI
999 _c9978
_d9978